[Event "HUN-chT 2122"]
[Site "Hungary"]
[Date "2021.10.10"]
[Round "1.3"]
[White "Kovacevic, Aleksandar"]
[Black "Pinter, Jozsef"]
[Result "1/2-1/2"]
[WhiteElo "2496"]
[BlackElo "2528"]
[PlyCount "74"]
[EventDate "2021.10.10"]
[EventType "team-tourn"]
[EventRounds "9"]
[EventCountry "HUN"]
[SourceTitle "EXT 2023"]
[Source "ChessBase"]
[SourceDate "2022.10.05"]
[SourceVersion "1"]
[SourceVersionDate "2022.10.05"]
[SourceQuality "1"]
[WhiteTeam "Mako Duocor"]
[BlackTeam "Dunaharaszti"]
[WhiteTeamCountry "HUN"]
[BlackTeamCountry "HUN"]

1. e4 e5 2. Nf3 Nc6 3. Bb5 a6 4. Ba4 Nf6 5. 0-0 Be7 6. d3 b5 7. Bb3 d6 8. a3 0-0 9. Nc3 Be6 10. Nd5 Na5 11. Nxf6+ Bxf6 12. Bxe6 fxe6 13. b4 Nc6 14. c3 a5 15. Be3 Qd7 16. a4 Rfb8 17. axb5 Rxb5 18. bxa5 Rbxa5 19. Rxa5 Rxa5 20. Qb3 Ra8 21. Rb1 Rb8 22. Qa2 Rxb1+ 23. Qxb1 Nd8 24. Qb3 h6 25. g3 Qc6 26. Nd2 Kh7 27. Qb4 Qa6 28. Qc4 Qxc4 29. Nxc4 Nc6 30. Na3 Bd8 31. Nb5 Kg6 32. Kf1 Kf7 33. h4 Ke8 34. h5 Kd7 35. Ke2 Bf6 36. Kd1 Ne7 37. Ke2 Ng8 1/2-1/2

[Event "HUN-chT 1718"]
[Site "Hungary"]
[Date "2018.05.06"]
[Round "9.1"]
[White "Sadzikowski, Daniel"]
[Black "Pinter, Jozsef"]
[Result "0-1"]
[WhiteElo "2587"]
[BlackElo "2539"]
[PlyCount "139"]
[EventDate "2017.11.25"]
[EventType "team-tourn"]
[EventRounds "9"]
[EventCountry "HUN"]
[SourceTitle "EXT 2019"]
[Source "ChessBase"]
[SourceDate "2018.10.10"]
[SourceVersion "1"]
[SourceVersionDate "2018.10.10"]
[SourceQuality "1"]
[WhiteTeam "Dunaharaszti"]
[BlackTeam "Husi"]
[WhiteTeamCountry "HUN"]
[BlackTeamCountry "HUN"]

1. c4 Nf6 2. Nc3 c5 3. Nf3 Nc6 4. d4 cxd4 5. Nxd4 e6 6. a3 Bc5 7. Nb3 Be7 8. e4 b6 9. Be2 Bb7 10. f4 0-0 11. 0-0 d6 12. Be3 Nd7 13. Rc1 Nc5 14. Nd2 a5 15. b3 Bf6 16. Ndb1 Qe7 17. Bf3 Rfd8 18. Re1 Rab8 19. Nb5 Ba8 20. N1c3 Na7 21. Nd4 Nc6 22. Nxc6 Bxc6 23. Nd5 Bxd5 24. exd5 e5 25. b4 axb4 26. axb4 Nd7 27. Bf2 Qf8 28. f5 g6 29. Be4 Bg5 30. Ra1 Qh6 31. Ra3 Nf6 32. Rh3 Qg7 33. Qe2 b5 34. c5 dxc5 35. bxc5 Nxd5 36. Rd3 Nf4 37. Rxd8+ Bxd8 38. Qf3 Qf6 39. fxg6 hxg6 40. Bb7 Bc7 41. Rb1 Rd8 42. Be4 Rd2 43. Kh1 Qe6 44. Be3 Rd8 45. Rd1 Rxd1+ 46. Qxd1 Qc4 47. Bc2 Kg7 48. Bb3 Qe4 49. Qf3 Qb1+ 50. Bd1 Nd3 51. Bg1 Nf4 52. g3 Ne6 53. h4 Nd4 54. Bxd4 exd4 55. Kg2 d3 56. Kh3 Be5 57. h5 d2 58. Qe3 Qf5+ 59. Kg2 gxh5 60. Qxd2 Qe4+ 61. Bf3 Qg6 62. Qe1 Qg5 63. Kh3 b4 64. Bd1 f6 65. c6 Qc1 66. Qf1 b3 67. Qd3 b2 68. Qd7+ Kh6 69. c7 Qc3 70. Bf3 0-1

[Event "HUN-chT 1718"]
[Site "Hungary"]
[Date "2018.05.05"]
[Round "8.1"]
[White "Pinter, Jozsef"]
[Black "Rapport, Richard"]
[Result "0-1"]
[WhiteElo "2539"]
[BlackElo "2707"]
[PlyCount "54"]
[EventDate "2017.11.25"]
[EventType "team-tourn"]
[EventRounds "9"]
[EventCountry "HUN"]
[SourceTitle "EXT 2019"]
[Source "ChessBase"]
[SourceDate "2018.10.10"]
[SourceVersion "1"]
[SourceVersionDate "2018.10.10"]
[SourceQuality "1"]
[WhiteTeam "Husi"]
[BlackTeam "HVSE Infraplan"]
[WhiteTeamCountry "HUN"]
[BlackTeamCountry "HUN"]

1. d4 e6 2. g3 Nf6 3. Bg2 Be7 4. Nf3 b6 5. 0-0 Bb7 6. c4 0-0 7. Re1 a5 8. Nc3 Ne4 9. Bd2 d6 10. d5 Nxd2 11. Qxd2 e5 12. e4 Bc8 13. h4 Na6 14. b3 Nc5 15. Qe3 g6 16. h5 gxh5 17. Qh6 Bg4 18. Qe3 Kh8 19. Nh2 Bd7 20. Qf3 Bg5 21. Re2 h4 22. Qh5 Qf6 23. Rf1 hxg3 24. fxg3 Qg6 25. Qf3 f5 26. Ref2 Bh6 27. exf5 Bxf5 0-1

[Event "HUN-chT 1718"]
[Site "Hungary"]
[Date "2018.01.28"]
[Round "5.1"]
[White "Vovk, Andrey"]
[Black "Pinter, Jozsef"]
[Result "1-0"]
[WhiteElo "2635"]
[BlackElo "2539"]
[PlyCount "57"]
[EventDate "2017.11.25"]
[EventType "team-tourn"]
[EventRounds "9"]
[EventCountry "HUN"]
[SourceTitle "EXT 2019"]
[Source "ChessBase"]
[SourceDate "2018.10.10"]
[SourceVersion "1"]
[SourceVersionDate "2018.10.10"]
[SourceQuality "1"]
[WhiteTeam "Kobanya Aquarena"]
[BlackTeam "Husi"]
[WhiteTeamCountry "HUN"]
[BlackTeamCountry "HUN"]

1. e4 e5 2. Nf3 Nc6 3. d4 exd4 4. Nxd4 Nf6 5. Nxc6 bxc6 6. e5 Qe7 7. Qe2 Nd5 8. c4 Nb6 9. Nc3 Qe6 10. f4 Be7 11. g4 d6 12. Bg2 0-0 13. b3 Qxg4 14. Bxc6 Qh4+ 15. Qf2 Rb8 16. exd6 cxd6 17. Be3 Qh5 18. 0-0 Bf5 19. Bd4 Rfc8 20. Qg3 Qh6 21. Bg2 Bh4 22. Qf3 Re8 23. Bf2 Re6 24. Rae1 Bxf2+ 25. Qxf2 Qf6 26. Nb5 a5 27. Nc7 Rxe1 28. Rxe1 d5 29. c5 1-0

[Event "Oberliga Baden 1516"]
[Site "Baden"]
[Date "2016.01.31"]
[Round "6.1"]
[White "Bodrozic, Tomislav"]
[Black "Pinter, Jozsef"]
[Result "1/2-1/2"]
[WhiteElo "2415"]
[BlackElo "2543"]
[PlyCount "114"]
[EventDate "2015.09.20"]
[EventType "team-tourn"]
[EventRounds "9"]
[EventCountry "GER"]
[SourceTitle "EXT 2018"]
[Source "ChessBase"]
[SourceDate "2017.10.13"]
[SourceVersion "1"]
[SourceVersionDate "2017.10.13"]
[SourceQuality "1"]
[WhiteTeam "Ettlingen"]
[BlackTeam "Buchen"]
[WhiteTeamCountry "GER"]
[BlackTeamCountry "GER"]

1. e4 e5 2. Nf3 Nc6 3. Bc4 Bc5 4. 0-0 d6 5. c3 Bg4 6. h3 Bh5 7. d3 Nf6 8. Re1 0-0 9. Nbd2 Re8 10. b4 Bb6 11. Qb3 Qd7 12. a4 a5 13. b5 Nd8 14. Nh4 Ne6 15. Nf1 Rad8 16. Ng3 Bg6 17. Be3 Bxe3 18. fxe3 Nc5 19. Qc2 c6 20. Rf1 Qc7 21. bxc6 bxc6 22. Nhf5 d5 23. exd5 cxd5 24. Bb5 Re6 25. Rac1 Bxf5 26. Nxf5 g6 27. Ng3 Rb6 28. Ne2 Qe7 29. Rf2 Ne8 30. c4 d4 31. exd4 exd4 32. Nf4 Nc7 33. Qd2 Rf6 34. Re1 Qd6 35. Ref1 Ra8 36. Qe2 Rf8 37. Qg4 N7e6 38. Nd5 Rxf2 39. Rxf2 f5 40. Qe2 Kg7 41. Qd2 Rf7 42. Rf3 h6 43. h4 Qd8 44. Qe1 Qd6 45. Qxa5 g5 46. Be8 Rb7 47. Bb5 f4 48. hxg5 Nxg5 49. Rxf4 Nxd3 50. Qa8 Rf7 51. Rxf7+ Nxf7 52. Qe8 Qg3 53. Qe4 Nfe5 54. Qxd4 Qe1+ 55. Kh2 Nf2 56. Qa7+ Nf7 57. Qd4+ Ne5 1/2-1/2

[Event "Oberliga Baden 1516"]
[Site "Baden"]
[Date "2015.12.13"]
[Round "4.1"]
[White "Rausis, Igors"]
[Black "Pinter, Jozsef"]
[Result "1/2-1/2"]
[WhiteElo "2589"]
[BlackElo "2543"]
[PlyCount "45"]
[EventDate "2015.09.20"]
[EventType "team-tourn"]
[EventRounds "9"]
[EventCountry "GER"]
[SourceTitle "EXT 2018"]
[Source "ChessBase"]
[SourceDate "2017.10.13"]
[SourceVersion "1"]
[SourceVersionDate "2017.10.13"]
[SourceQuality "1"]
[WhiteTeam "Emmendingen"]
[BlackTeam "Buchen"]
[WhiteTeamCountry "GER"]
[BlackTeamCountry "GER"]

1. d4 Nf6 2. Nf3 d5 3. c4 e6 4. g3 Bb4+ 5. Nbd2 dxc4 6. a3 Bxd2+ 7. Bxd2 Bd7 8. e3 Bc6 9. Bxc4 Bd5 10. Rc1 c6 11. 0-0 Nbd7 12. Qe2 0-0 13. Bd3 Be4 14. Ng5 Bxd3 15. Qxd3 Re8 16. Qc2 Rc8 17. e4 h6 18. Nf3 c5 19. e5 Nd5 20. dxc5 Nxc5 21. b4 Nd7 22. Qe4 Rxc1 23. Rxc1 1/2-1/2

[Event "HUN-chT 1516"]
[Site "Hungary"]
[Date "2015.12.06"]
[Round "4.5"]
[White "Pinter, Jozsef"]
[Black "Balint, Vilmos"]
[Result "1-0"]
[WhiteElo "2540"]
[BlackElo "2276"]
[PlyCount "81"]
[EventDate "2015.11.07"]
[EventType "team-tourn"]
[EventRounds "11"]
[EventCountry "HUN"]
[SourceTitle "CBM 169 Extra"]
[Source "ChessBase"]
[SourceDate "2015.12.18"]
[SourceVersion "1"]
[SourceVersionDate "2015.12.18"]
[SourceQuality "1"]
[WhiteTeam "Aquaprofit"]
[BlackTeam "Husi"]
[WhiteTeamCountry "HUN"]
[BlackTeamCountry "HUN"]

1. d4 Nf6 2. c4 e6 3. Nc3 Bb4 4. Nf3 c5 5. e3 0-0 6. Bd3 d5 7. 0-0 Nc6 8. a3 Bxc3 9. bxc3 Qc7 10. h3 b6 11. cxd5 exd5 12. a4 c4 13. Bc2 Re8 14. Nd2 Ne7 15. Qf3 Ng6 16. Ba3 Bd7 17. Rfe1 Nh4 18. Qg3 Qxg3 19. fxg3 Nf5 20. Kf2 h5 21. Bb4 a5 22. Ba3 Rac8 23. Re2 Rc6 24. Rae1 Ne4+ 25. Nxe4 dxe4 26. g4 hxg4 27. hxg4 Nh6 28. g5 Ng4+ 29. Kg1 Rg6 30. Rb1 Ree6 31. d5 Re5 32. d6 Rgxg5 33. Rxb6 f5 34. Rb7 Nf6 35. Rc7 Be6 36. Re7 Nd7 37. Rd2 Kf8 38. Bd1 Rg3 39. Rb2 Rd5 40. Be2 Rg6 41. Bh5 1-0

[Event "HUN-chT 1516"]
[Site "Hungary"]
[Date "2015.11.08"]
[Round "2"]
[White "Bagi, Mate"]
[Black "Pinter, Jozsef"]
[Result "1/2-1/2"]
[WhiteElo "2421"]
[BlackElo "2540"]
[PlyCount "57"]
[EventDate "2015.11.07"]
[EventType "team-tourn"]
[EventRounds "11"]
[EventCountry "HUN"]
[SourceTitle "CBM 169 Extra"]
[Source "ChessBase"]
[SourceDate "2015.12.18"]
[SourceVersion "1"]
[SourceVersionDate "2015.12.18"]
[SourceQuality "1"]
[WhiteTeam "Budapest Titanok"]
[BlackTeam "Aquaprofit"]
[WhiteTeamCountry "HUN"]
[BlackTeamCountry "HUN"]

1. e4 e5 2. Nf3 Nc6 3. Nc3 Nf6 4. d4 exd4 5. Nxd4 Bb4 6. Nxc6 bxc6 7. Bd3 d5 8. exd5 cxd5 9. 0-0 0-0 10. h3 h6 11. Qf3 c6 12. Bf4 Bd6 13. Rfe1 Be6 14. Ne2 Re8 15. Nd4 Bxf4 16. Qxf4 Bd7 17. Rxe8+ Nxe8 18. c4 Qb8 19. Qxb8 Rxb8 20. cxd5 cxd5 21. b3 Rc8 22. Rd1 Kf8 23. Kf1 g6 24. Ke2 Ke7 25. Kd2 Kd6 26. b4 Ng7 27. h4 Ne6 28. Nxe6 Bxe6 29. a4 1/2-1/2

[Event "HUN-chT 1415"]
[Site "Hungary"]
[Date "2015.02.08"]
[Round "6.2"]
[White "Leviczki, Tibor"]
[Black "Pinter, Jozsef"]
[Result "0-1"]
[WhiteElo "2334"]
[BlackElo "2546"]
[PlyCount "98"]
[EventDate "2014.10.12"]
[EventType "team-tourn"]
[EventRounds "9"]
[EventCountry "HUN"]
[SourceTitle "EXT 2016"]
[Source "ChessBase"]
[SourceDate "2015.10.08"]
[SourceVersion "1"]
[SourceVersionDate "2015.10.08"]
[SourceQuality "1"]
[WhiteTeam "Mako"]
[BlackTeam "Aquaprofit"]
[WhiteTeamCountry "HUN"]
[BlackTeamCountry "HUN"]

1. Nf3 Nf6 2. c4 c5 3. Nc3 Nc6 4. d4 cxd4 5. Nxd4 Qb6 6. Nc2 e6 7. e3 Be7 8. Be2 0-0 9. 0-0 Rd8 10. e4 d6 11. Rb1 Bd7 12. Be3 Qc7 13. Nb5 Qb8 14. Nc3 Be8 15. Bf4 b6 16. Ne3 Qb7 17. Bg3 Rac8 18. f4 a6 19. a4 Nb4 20. Qb3 a5 21. Bf3 Bc6 22. Rbe1 Nd3 23. Re2 Nc5 24. Qc2 Ncxe4 25. f5 Nxc3 26. bxc3 e5 27. Ree1 e4 28. Bd1 d5 29. cxd5 Nxd5 30. Nxd5 Bxd5 31. f6 Bc5+ 32. Kh1 g6 33. Bg4 Ra8 34. c4 Bc6 35. Bf4 Bf8 36. Be3 Rd3 37. Qf2 Bxa4 38. Rb1 Rb3 39. Ra1 Bc6 40. Bd1 Rc3 41. Rb1 a4 42. Rxb6 Qd7 43. Be2 a3 44. Rbb1 Rc2 45. Rfd1 a2 46. Ra1 Qf5 47. Qxf5 gxf5 48. Bf1 Bb4 49. Bd4 e3 0-1

[Event "HUN-chT 1415"]
[Site "Hungary"]
[Date "2015.01.25"]
[Round "5.5"]
[White "Szamoskozi, Gabor"]
[Black "Pinter, Jozsef"]
[Result "1-0"]
[WhiteElo "2335"]
[BlackElo "2546"]
[PlyCount "107"]
[EventDate "2014.10.12"]
[EventType "team-tourn"]
[EventRounds "9"]
[EventCountry "HUN"]
[SourceTitle "EXT 2016"]
[Source "ChessBase"]
[SourceDate "2015.10.08"]
[SourceVersion "1"]
[SourceVersionDate "2015.10.08"]
[SourceQuality "1"]
[WhiteTeam "Penzugyor"]
[BlackTeam "Aquaprofit"]
[WhiteTeamCountry "HUN"]
[BlackTeamCountry "HUN"]

1. e4 e5 2. Nf3 Nc6 3. Nc3 Nf6 4. Bb5 Bd6 5. a3 0-0 6. d3 Re8 7. Be3 Bf8 8. Bc4 h6 9. h3 d6 10. 0-0 Be6 11. Bxe6 fxe6 12. d4 exd4 13. Nxd4 Qd7 14. Nxc6 bxc6 15. Qd3 Reb8 16. b3 a5 17. Rad1 Qe8 18. Bc1 Rd8 19. f4 Kh8 20. Qf3 Qf7 21. g4 Ng8 22. f5 exf5 23. Qxf5 Qxf5 24. exf5 d5 25. Bb2 Re8 26. Rfe1 Nf6 27. Kf1 Bd6 28. Rxe8+ Rxe8 29. Re1 Rxe1+ 30. Kxe1 Kg8 31. Ke2 Kf7 32. Nd1 Nd7 33. a4 Bb4 34. Nf2 Bc5 35. Nd3 Bb6 36. Ne5+ Nxe5 37. Bxe5 c5 38. Kf3 g5 39. fxg6+ Kxg6 40. Kf4 h5 41. gxh5+ Kxh5 42. Bf6 c4 43. bxc4 dxc4 44. Ke4 c6 45. Kf5 Be3 46. Ke6 Kg6 47. Be7 Bf4 48. Bd8 Bd2 49. Kd6 Kf5 50. Kxc6 Ke4 51. Kb5 Kd4 52. Bf6+ Kd5 53. h4 Be1 54. h5 1-0

[Event "BL2-Sued 1415"]
[Site "Germany"]
[Date "2014.09.21"]
[Round "1.1"]
[White "Pinter, Jozsef"]
[Black "Kunin, Vitaly L"]
[Result "0-1"]
[WhiteElo "2552"]
[BlackElo "2575"]
[PlyCount "96"]
[EventDate "2014.09.21"]
[EventType "team-tourn"]
[EventRounds "9"]
[EventCountry "GER"]
[SourceTitle "CBM 166 Extra"]
[Source "ChessBase"]
[SourceDate "2015.06.18"]
[SourceVersion "1"]
[SourceVersionDate "2015.06.18"]
[SourceQuality "1"]
[WhiteTeam "Buchen"]
[BlackTeam "Moerlenbach Birkenau"]
[WhiteTeamCountry "GER"]
[BlackTeamCountry "GER"]

1. d4 Nf6 2. c4 e6 3. Nf3 b6 4. g3 Ba6 5. b3 Bb7 6. Bg2 Bb4+ 7. Bd2 a5 8. 0-0 0-0 9. Nc3 d6 10. Qc2 Nbd7 11. Rfe1 Bxc3 12. Bxc3 Be4 13. Qb2 Qb8 14. Bf1 Bb7 15. Red1 Ne4 16. Be1 f5 17. Nd2 Ng5 18. f3 Qe8 19. h4 Nf7 20. Bg2 e5 21. Bf2 Nf6 22. dxe5 dxe5 23. Nf1 Qc6 24. Qc2 f4 25. e4 fxg3 26. Nxg3 Bc8 27. Bf1 Be6 28. Be3 Nh8 29. c5 Ng6 30. Qh2 bxc5 31. Rac1 Nd7 32. h5 Nf4 33. Ne2 g5 34. hxg6 Nxg6 35. Bg2 a4 36. bxa4 Rxa4 37. Nc3 Ra3 38. Qg3 Kh8 39. Qf2 Rg8 40. Kh1 Raa8 41. Nd5 Raf8 42. Bxc5 Nxc5 43. Qxc5 Qxc5 44. Rxc5 Nh4 45. Nxc7 Rxg2 46. Nxe6 Rfg8 47. Rc3 R2g3 48. Rd2 Nxf3 0-1

[Event "HUN-chT 1314"]
[Site "Hungary"]
[Date "2014.04.13"]
[Round "8"]
[White "Meszaros, Tamas"]
[Black "Pinter, Jozsef"]
[Result "1/2-1/2"]
[WhiteElo "2409"]
[BlackElo "2551"]
[PlyCount "67"]
[EventDate "2013.09.08"]
[EventType "team-tourn"]
[EventRounds "9"]
[EventCountry "HUN"]
[SourceTitle "EXT 2015"]
[Source "ChessBase"]
[SourceDate "2014.11.20"]
[SourceVersion "1"]
[SourceVersionDate "2014.11.20"]
[SourceQuality "1"]
[WhiteTeam "Csuti"]
[BlackTeam "Aquaprofit"]
[WhiteTeamCountry "HUN"]
[BlackTeamCountry "HUN"]

1. e4 e5 2. Nf3 Nc6 3. d4 exd4 4. Nxd4 Nf6 5. Nxc6 bxc6 6. e5 Qe7 7. Qe2 Nd5 8. c4 Nb6 9. Nc3 a5 10. b3 a4 11. Bb2 Qb4 12. Qc2 axb3 13. axb3 Rxa1+ 14. Bxa1 Qa5 15. Bb2 Ba3 16. Bxa3 Qxa3 17. f4 d6 18. exd6 cxd6 19. Be2 Qa1+ 20. Bd1 Bf5 21. Qd2 0-0 22. 0-0 Qa5 23. Ne4 Qxd2 24. Nxd2 d5 25. Bf3 dxc4 26. Nxc4 Nxc4 27. bxc4 c5 28. Ra1 Be6 29. Bd5 Bxd5 30. cxd5 Rc8 31. d6 Kf8 32. Ra7 Rd8 33. Rc7 Rxd6 34. Rxc5 1/2-1/2

[Event "HUN-chT 1314"]
[Site "Hungary"]
[Date "2013.11.03"]
[Round "4"]
[White "Sipos, Istvan"]
[Black "Pinter, Jozsef"]
[Result "0-1"]
[WhiteElo "2464"]
[BlackElo "2551"]
[PlyCount "200"]
[EventDate "2013.09.08"]
[EventType "team-tourn"]
[EventRounds "9"]
[EventCountry "HUN"]
[SourceTitle "EXT 2015"]
[Source "ChessBase"]
[SourceDate "2014.11.20"]
[SourceVersion "1"]
[SourceVersionDate "2014.11.20"]
[SourceQuality "1"]
[WhiteTeam "MLTC"]
[BlackTeam "Aquaprofit"]
[WhiteTeamCountry "HUN"]
[BlackTeamCountry "HUN"]

1. c4 e6 2. Nf3 d5 3. g3 dxc4 4. Qa4+ Nd7 5. Bg2 a6 6. Qxc4 b5 7. Qc2 Bb7 8. a4 c5 9. 0-0 Ngf6 10. d3 Be7 11. Na3 0-0 12. Bg5 Qb6 13. axb5 axb5 14. Qb3 Rab8 15. Rfc1 Bd5 16. Qd1 Rbc8 17. Nb1 h6 18. Bf4 Rfd8 19. Nc3 Bc6 20. Qf1 Ng4 21. h3 Ngf6 22. Ne5 Nxe5 23. Bxe5 Nd7 24. Bf4 Bf6 25. Rc2 b4 26. Ne4 Bxe4 27. Bxe4 b3 28. Rd2 c4 29. dxc4 Nc5 30. Qb1 Rxd2 31. Bxd2 Nxe4 32. Qxe4 Bxb2 33. Rb1 Bf6 34. Qf3 Qd4 35. Qb7 Qxc4 36. Rxb3 Rd8 37. Rd3 Rxd3 38. exd3 Qxd3 39. Be3 Qf5 40. Qc8+ Kh7 41. Qb7 Bg5 42. g4 Qg6 43. Bxg5 hxg5 44. Kg2 Qf6 45. Qa8 Qd4 46. Qe8 Qe4+ 47. Kg3 Kg6 48. Qh8 Qh1 49. Qh5+ Kf6 50. Qh7 Qg1+ 51. Kf3 Qh2 52. Qh8 Ke7 53. Ke2 g6 54. Qc3 Qd6 55. Kf1 e5 56. Qe3 Kf6 57. Kg1 Qd4 58. Qb3 Kg7 59. Qb7 Qf4 60. Qb2 Qf6 61. Qb7 Qd6 62. Qa8 Qd3 63. Kg2 Qd4 64. Qb8 Qd5+ 65. Kg1 e4 66. Qb2+ f6 67. Qc3 Qe5 68. Qa3 Kf7 69. Qb3+ Qe6 70. Qb7+ Qe7 71. Qd5+ Kg7 72. Kg2 e3 73. fxe3 Qxe3 74. Qd7+ Kf8 75. Qd6+ Qe7 76. Qd5 Kg7 77. Qd3 Qb7+ 78. Kg1 Qb6+ 79. Kg2 Qc6+ 80. Kg1 f5 81. gxf5 Qc5+ 82. Kg2 gxf5 83. Qd7+ Kf6 84. Qd8+ Qe7 85. Qh8+ Kg6 86. Qg8+ Qg7 87. Qb8 Qf7 88. Qa8 Qe6 89. Qa3 Qe2+ 90. Kg1 f4 91. Qd6+ Kh5 92. Qd7 Kh4 93. Qd5 Qe3+ 94. Kf1 Qxh3+ 95. Ke1 Qe3+ 96. Kf1 Qc1+ 97. Kg2 Qc2+ 98. Kf1 Qh2 99. Qe5 Qh3+ 100. Kf2 Qe3+ 0-1

[Event "Oberliga Baden 1213"]
[Site "Baden"]
[Date "2013.04.14"]
[Round "9.1"]
[White "Pinter, Jozsef"]
[Black "Pfrommer, Christoph"]
[Result "1-0"]
[WhiteElo "2544"]
[BlackElo "2360"]
[PlyCount "57"]
[EventDate "2012.10.14"]
[EventType "team-tourn"]
[EventRounds "9"]
[EventCountry "GER"]
[SourceTitle "EXT 2014"]
[Source "ChessBase"]
[SourceDate "2013.11.20"]
[SourceVersion "1"]
[SourceVersionDate "2013.11.20"]
[SourceQuality "1"]
[WhiteTeam "Buchen"]
[BlackTeam "Karlsruhe"]
[WhiteTeamCountry "GER"]
[BlackTeamCountry "GER"]

1. Nf3 d5 2. g3 c6 3. Bg2 Nf6 4. 0-0 Bg4 5. d3 Nbd7 6. Nbd2 e5 7. e4 dxe4 8. dxe4 Bc5 9. Qe1 0-0 10. a4 a5 11. Nc4 Bb4 12. c3 Bxf3 13. Bxf3 Bc5 14. Qe2 Re8 15. Bd2 Qc7 16. Rfc1 Nb6 17. Ne3 Qe7 18. b3 Qe6 19. Rcb1 g6 20. Nc2 Nc8 21. b4 axb4 22. cxb4 Ba7 23. Bg5 Nd6 24. Rd1 Kg7 25. Kg2 Rad8 26. Ra3 Nc8 27. Rad3 Bb6 28. a5 Bc7 29. Bg4 1-0

[Event "AUT-chT 1213"]
[Site "Austria"]
[Date "2012.11.03"]
[Round "2.3"]
[White "Pinter, Jozsef"]
[Black "Groetz, Harald"]
[Result "1-0"]
[WhiteElo "2551"]
[BlackElo "2279"]
[PlyCount "57"]
[EventDate "2012.11.02"]
[EventType "team-tourn"]
[EventRounds "11"]
[EventCountry "AUT"]
[SourceTitle "EXT 2013"]
[Source "ChessBase"]
[SourceDate "2012.11.22"]
[SourceVersion "1"]
[SourceVersionDate "2012.11.22"]
[SourceQuality "1"]
[WhiteTeam "Fuerstenfeld"]
[BlackTeam "Zwettl"]
[WhiteTeamCountry "AUT"]
[BlackTeamCountry "AUT"]

1. d4 Nf6 2. c4 c6 3. Nc3 d5 4. e3 a6 5. Qc2 g6 6. Nf3 Bg7 7. Bd2 0-0 8. Rc1 Bg4 9. cxd5 Bxf3 10. gxf3 Nxd5 11. f4 Nxc3 12. bxc3 e6 13. Bg2 Nd7 14. 0-0 Qc7 15. Rb1 Rab8 16. Qe4 Rfc8 17. c4 b6 18. Rfd1 c5 19. Rbc1 Rd8 20. d5 exd5 21. cxd5 Qd6 22. Qd3 b5 23. e4 f6 24. Bh3 c4 25. Qe3 Re8 26. a3 f5 27. Bb4 Qc7 28. e5 Rbc8 29. d6 1-0

[Event "SUI-chT"]
[Site "Switzerland"]
[Date "2012.09.23"]
[Round "7.1"]
[White "Pinter, Jozsef"]
[Black "Jussupow, Artur"]
[Result "1/2-1/2"]
[WhiteElo "2548"]
[BlackElo "2578"]
[PlyCount "102"]
[EventDate "2012.03.18"]
[EventType "team-tourn"]
[EventRounds "9"]
[EventCountry "SUI"]
[SourceTitle "EXT 2013"]
[Source "ChessBase"]
[SourceDate "2012.11.22"]
[SourceVersion "1"]
[SourceVersionDate "2012.11.22"]
[SourceQuality "1"]
[WhiteTeam "Neuchatel"]
[BlackTeam "Winterthur"]
[WhiteTeamCountry "SUI"]
[BlackTeamCountry "SUI"]

1. d4 Nf6 2. c4 e6 3. Nf3 d5 4. Nc3 Be7 5. Bg5 0-0 6. Rc1 h6 7. Bh4 b6 8. e3 Nbd7 9. cxd5 exd5 10. Bd3 Bb7 11. Bf5 g6 12. Bxd7 Nxd7 13. Bxe7 Qxe7 14. 0-0 Rfd8 15. Qb3 Nf8 16. Rfd1 Kg7 17. Ne2 Ne6 18. Nf4 Rac8 19. Nxe6+ Qxe6 20. Qc3 a5 21. a3 f6 22. b4 axb4 23. axb4 Ba6 24. Nd2 Bb5 25. Ra1 Rd7 26. Re1 Re8 27. h3 Ree7 28. Ra8 h5 29. Rb8 Qd6 30. Ra1 Rd8 31. Rxd8 Qxd8 32. Ra7 Qd6 33. Qb2 Qc6 34. Nb1 Qc4 35. Nc3 Qf1+ 36. Kh2 Bc4 37. Ra1 Qd3 38. b5 g5 39. Rd1 Qf5 40. Kg1 Re8 41. Re1 h4 42. Qd2 g4 43. hxg4 Qxg4 44. f3 Qg3 45. Ne2 Bxe2 46. Rxe2 Ra8 47. Qc1 Ra4 48. Rc2 Rc4 49. Rxc4 dxc4 50. Qxc4 Qe1+ 51. Kh2 Qg3+ 1/2-1/2

[Event "HUN-chT 1112"]
[Site "Hungary"]
[Date "2012.05.20"]
[Round "11"]
[White "Pinter, Jozsef"]
[Black "Soos, Arpad"]
[Result "1-0"]
[WhiteElo "2547"]
[BlackElo "2394"]
[PlyCount "57"]
[EventDate "2011.09.25"]
[EventType "team-tourn"]
[EventRounds "11"]
[EventCountry "HUN"]
[SourceTitle "EXT 2013"]
[Source "ChessBase"]
[SourceDate "2012.11.22"]
[SourceVersion "1"]
[SourceVersionDate "2012.11.22"]
[SourceQuality "1"]
[WhiteTeam "Aquaprofit"]
[BlackTeam "Toth Laszlo"]
[WhiteTeamCountry "HUN"]
[BlackTeamCountry "HUN"]

1. d4 Nf6 2. c4 g6 3. Nc3 Bg7 4. Nf3 d6 5. g3 0-0 6. Bg2 Nbd7 7. 0-0 e5 8. e4 exd4 9. Nxd4 Re8 10. h3 Nc5 11. Re1 a5 12. Ndb5 Bd7 13. Bf4 Bc6 14. Qc2 Re7 15. Rad1 Qe8 16. Nxc7 Rxc7 17. Bxd6 Ne6 18. Bxc7 Nxc7 19. Nd5 Rc8 20. Qd2 a4 21. Nxc7 Rxc7 22. e5 Nd7 23. Bxc6 bxc6 24. Qd6 Qc8 25. e6 fxe6 26. Qxe6+ Kh8 27. Rxd7 Rxd7 28. Qe8+ Qxe8 29. Rxe8+ 1-0

[Event "HUN-chT 1112"]
[Site "Hungary"]
[Date "2012.03.11"]
[Round "7"]
[White "Pinter, Jozsef"]
[Black "Sipos, Istvan"]
[Result "1/2-1/2"]
[WhiteElo "2547"]
[BlackElo "2452"]
[PlyCount "122"]
[EventDate "2011.09.25"]
[EventType "team-tourn"]
[EventRounds "11"]
[EventCountry "HUN"]
[SourceTitle "EXT 2013"]
[Source "ChessBase"]
[SourceDate "2012.11.22"]
[SourceVersion "1"]
[SourceVersionDate "2012.11.22"]
[SourceQuality "1"]
[WhiteTeam "Aquaprofit"]
[BlackTeam "MLTC"]
[WhiteTeamCountry "HUN"]
[BlackTeamCountry "HUN"]

1. d4 Nf6 2. c4 g6 3. Nc3 Bg7 4. e4 d6 5. Bd3 0-0 6. Nge2 Nc6 7. 0-0 e5 8. d5 Nd4 9. Nxd4 exd4 10. Ne2 Nd7 11. Rb1 c5 12. f4 a6 13. Bd2 b5 14. b3 Rb8 15. h3 Qh4 16. Rf3 h5 17. Ng3 Re8 18. Qc2 bxc4 19. bxc4 Rxb1+ 20. Qxb1 Qe7 21. Rf1 h4 22. Nh1 Nf6 23. Re1 Nh5 24. Qd1 Bd7 25. Qf3 Bh6 26. Nf2 Qf6 27. e5 dxe5 28. Ne4 Qd8 29. fxe5 Bxd2 30. Nxd2 Qg5 31. e6 fxe6 32. Ne4 Qf5 33. Nxc5 Qxf3 34. gxf3 exd5 35. Rxe8+ Bxe8 36. cxd5 Nf4 37. Bxa6 Nxd5 38. Bc4 Bf7 39. a4 Nb4 40. Bf1 Nc6 41. f4 Kg7 42. Kf2 Bd5 43. Bd3 Kf7 44. Ke2 Bg2 45. Ne4 Kg7 46. Ng5 Kf6 47. Kf2 Bd5 48. Nf3 Nb4 49. Bb5 Kf5 50. Nxh4+ Kxf4 51. Nxg6+ Kg5 52. Ne5 Kh4 53. Bd7 Kg5 54. Nf3+ Kf4 55. Nxd4 Nd3+ 56. Ke2 Nc5 57. Bb5 Nxa4 58. Bxa4 Kg3 59. Bd7 Bg2 60. Nf5+ Kxh3 61. Kf2 Ba8 1/2-1/2